000 00302nam a22001337a 4500
020 _a0-600-56877-6
082 _a001
_bSER/T
100 _aSEREBRIAKOFF, VICTOR
245 _aTEST YOUR IQ
260 _aLONDON
_bHAMLYN
_c1990
300 _a126
650 _aGENERAL KNOWLEDGE
_zUNITED KINGDOM
942 _cBK
999 _c6618
_d6618